A handbook of literary terms (Record no. 4595)

MARC details
000 -LEADER
fixed length control field 00486cam a2200193ua 4500
001 - CONTROL NUMBER
control field 5418
005 - DATE AND TIME OF LATEST TRANSACTION
control field 20260515113859.0
008 - FIXED-LENGTH DATA ELEMENTS--GENERAL INFORMATION
fixed length control field 120903n ii |||gr||||Z||||||eng
020 ## - INTERNATIONAL STANDARD BOOK NUMBER
International Standard Book Number 81-7096-631-0
040 ## - CATALOGING SOURCE
Transcribing agency MAIN
082 ## - DEWEY DECIMAL CLASSIFICATION NUMBER
Classification number 800
100 1# - MAIN ENTRY--PERSONAL NAME
Personal name Abraham, Jacob,
Relator term Author,
245 11 - TITLE STATEMENT
Title A handbook of literary terms
Statement of responsibility, etc. by Jacob Abraham
250 ## - EDITION STATEMENT
Edition statement 2nd.
260 ## - PUBLICATION, DISTRIBUTION, ETC.
Place of publication, distribution, etc. Ludhiana:
Name of publisher, distributor, etc. Kalyani Publishers,
Date of publication, distribution, etc. 1998.
300 ## - PHYSICAL DESCRIPTION
Extent 202p:
Dimensions 15cm.
653 ## - INDEX TERM--UNCONTROLLED
Uncontrolled term Literature & rhetoric
942 ## - ADDED ENTRY ELEMENTS (KOHA)
Koha item type Books
Holdings
Withdrawn status Lost status Damaged status Not for loan Home library Current library Shelving location Date acquired Total checkouts Full call number Barcode Date last seen Copy number Price effective from Koha item type
        Naharkatiya College Library Naharkatiya College Library General stacks 09/19/2020   800 | ABR 4938 09/19/2020 1 09/19/2020 Books